| 000 | 01902cad a22002535 4500 | ||
|---|---|---|---|
| 001 | L148891 | ||
| 008 | 091123e20091117xxk f 000 0 eng u | ||
| 020 | _a9781409819974 | ||
| 035 | _a(Sirsi) u148891 | ||
| 041 | 0 | _aeng | |
| 050 | _a333.72 $2 18 | ||
| 110 | 1 |
_aUnited Kingdom _bDepartment for Communities and Local Government _94939 |
|
| 245 | 0 | 0 |
_aPermitted development rights for small scale renewable and low carbon energy technologies, and electric vehicle charging infrastructure _bconsultation _h[electronic resource] |
| 260 |
_aLondon _bDCLG _c2009 |
||
| 505 | 2 | _aConsultation summary -- Introduction -- Potential impacts of the new technologies and the proposed regulatory approach -- Permitted development proposals: installations on domestic premises -- Permitted development proposals: installations on non-domestic premises -- Permitted development proposals: amendments to existing Parts 6 (Agricultural buildings and operation) and 7 (Forestry buildings and operations) -- Proposals relating to electric vehicle charging infrastructure -- About the consultation -- Annexes | |
| 520 | _aSeeks views on Government proposals for changes to the planning system to introduce permitted development rights for small scale renewable and low-carbon technologies in domestic and non-domestic settings. Seeks comments on the introduction of permitted development rights and deemed advertisement consent in relation to electric vehicle charging infrastructure. | ||
| 520 | _aDeadline for comments is 9 February 2010. | ||
| 590 | _aKA NTK | ||
| 650 | 2 | 4 | _aTOWN AND COUNTRY PLANNING (GENERAL PERMITTED DEVELOPMENT) ORDER 1995 |
| 651 | 4 |
_aEngland _y886- |
|
| 690 | _aENVIRONMENTAL AND LAND CONSULTANCY-ENERGY | ||
| 856 | 4 | 0 |
_uhttps://www.communities.gov.uk/publications/planningandbuilding/microgenelectriccars _zView the consultation free of charge at www.communities.gov.uk... |
| 942 | _n0 | ||
| 999 |
_c110272 _d110272 |
||